| 000 | 00487 a2200181 4500 | ||
|---|---|---|---|
| 003 | OSt | ||
| 005 | 20231130145013.0 | ||
| 008 | 231123b |||||||| |||| 00| 0 eng d | ||
| 020 | _a9788131731444 | ||
| 040 | _coclc | ||
| 082 |
_a615.19 _bSRI/M |
||
| 100 | 1 |
_aSriram, D. _99944 |
|
| 245 |
_aMedicinal chemistry / _cD Sriram, P Yogeeswari |
||
| 250 | _a2nd ed. | ||
| 260 |
_bPearson, _c2022. |
||
| 300 | _a688p | ||
| 942 |
_2ddc _cBK _h615.19 _iSRI/M _k615.19 _mSRI/M |
||
| 999 |
_c41872 _d41872 |
||